Score 0/22 Timer 06:00
5 Plays Today
Clue Word % Correct
Terriblebad
99.2%
Unopened flowerbud
98.2%
Make an offer on eBaybid
96.7%
Bunkbed
95.9%
Rosary componentbead
85.4%
Best palbuddy
82.8%
Flash Player and PDF reader companyAdobe
69.6%
Dance move associated with Cam Newtondab
61.1%
Domicileabode
59.4%
Malfoy family's house elfDobby
56.4%
Vocally expressed displeasure at an eventbooed
54.6%
Clue Word % Correct
To be an omenbode
53.6%
'80s singers Gibson or HarryDebbie
50.9%
Annoying old womanbiddy
49.4%
Follow the rulesabide
48.5%
Brothers who had a hit with 'China Grove'Doobie
47.6%
One of the United Arab EmiratesDubai
46.3%
'If a ____ meet a ____...'body
34.6%
Fairy godmother's song from 'Cinderella'Bibbidi-Bobbidi-Boo
33.7%
Venerable English monkBede
28.6%
Danny Pudi's 'Community' roleAbed
22.2%
Modulation rate, expressed as Bdbaud
21.3%

You're not logged in!

Compare scores with friends on all Sporcle quizzes.
OR
Log In

Sporcle TV

Today on Sporcle TV


Watch our educational content, quiz creation guides, and fun videos on Sporcle TV.

Show Comments

Extras

Top Quizzes Today


Score Distribution

Paid Content

Your Account Isn't Verified!

In order to create a playlist on Sporcle, you need to verify the email address you used during registration. Go to your Sporcle Settings to finish the process.

Report this User

Report this user for behavior that violates our Community Guidelines.

Details: